00585nam a22001097a 4500008004100000100002700041245007400068260003600142300003300178520022800211773003600439240830b ||||| |||| 00| 0 eng d aLangenmayr, Dominika  aSurak, Kristin. The golden passport: Global mobility for millionaires aJournal of Economic Literature  a 62(2), Jun, 2024: p.814-816 aLangenmayr, Dominika. 2024. "Surak, Kristin. The Golden Passport: Global Mobility for Millionaires." Journal of Economic Literature, 62 (2): 814–16.- Reproduced https://www.aeaweb.org/articles?id=10.1257/jel.62.2.807.r5  aJournal of Economic Literature